| 000 | 00434nam a2200181Ia 4500 | ||
|---|---|---|---|
| 008 | 170705s9999 xx 000 0 und d | ||
| 020 | _a9780516298122 | ||
| 245 | _aHow much does it hold? / | ||
| 245 | _cBrian Sargent. | ||
| 260 | _aNew York : | ||
| 260 | _bScholastic, | ||
| 260 | _c2006 | ||
| 300 | _a31 pages : | ||
| 300 | _bcolor illustration ; | ||
| 300 | _c15cm. | ||
| 440 | _aRookie read-about math. | ||
| 500 | _a280 | ||
| 999 |
_c335452 _d335452 |
||